| 000 | 00698nam a2200205 a 4500 | ||
|---|---|---|---|
| 008 | 120416s1977 ||||||||||||||||| || u | ||
| 020 | _a0070270139 | ||
| 050 | _aHG 179 Has | ||
| 100 | _aHastings, Paul Guiler, 1914- | ||
| 245 | 1 | 0 | _aPersonal finance (2nd ed.) |
| 250 | _a2nd ed. | ||
| 260 |
_aNew York : _bMcGraw-Hill _c1977 |
||
| 300 | _aviii, 612 p. : ill. | ||
| 350 | _a0.00 | ||
| 490 | _aMcGraw-Hill series in finance | ||
| 650 | _aFINANCE, PERSONAL | ||
| 650 | 0 | _aFINANCE--DEVELOPING COUNTRIES | |
| 700 | _aMietus, Norbert J | ||
| 995 |
_D0.00 _FCBU-MAIN LIBRARY (Kitwe) _H1 _I12.35 _M1 _UAVAILABLE _ZAnnex Low-Usage Collection |
||
| 999 |
_c53375 _d53375 |
||